000 00434cam a2200181 4500
001 D3028
008 090401t xxu||||| |||| 00| 0 eng d
035 _a(Sirsi) u71629
041 _aeng
050 _a692.5
110 _aCyril Sweett and Partners
_92812
245 _aConcepts of quantity surveying
260 _aLondon
_bCyril Sweett and Partners
_cn.d
300 _a41p. 30cm
350 _a0
942 _n0
948 _c04/03/1997
999 _c95422
_d95422